<?xml version="1.0" encoding="UTF-8"?>
<record
    xmlns:xsi="http://www.w3.org/2001/XMLSchema-instance"
    xsi:schemaLocation="http://www.loc.gov/MARC21/slim http://www.loc.gov/standards/marcxml/schema/MARC21slim.xsd"
    xmlns="http://www.loc.gov/MARC21/slim">

  <leader>009350000a22001330004500</leader>
  <controlfield tag="001">14078</controlfield>
  <datafield tag="041" ind1="0" ind2=" ">
    <subfield code="a">SPA</subfield>
  </datafield>
  <datafield tag="082" ind1="0" ind2="4">
    <subfield code="a">AV 0208</subfield>
  </datafield>
  <datafield tag="110" ind1="1" ind2=" ">
    <subfield code="a">Consejo Ecum&#xE9;nico de Cuba</subfield>
  </datafield>
  <datafield tag="245" ind1="1" ind2="0">
    <subfield code="a">Mensaje 1982 : Una jornada productiva de verdad / Consejo Ecum&#xE9;nico de Cuba</subfield>
  </datafield>
  <datafield tag="300" ind1=" " ind2=" ">
    <subfield code="a">32 P&#xE1;g.</subfield>
  </datafield>
  <datafield tag="505" ind1="0" ind2="0">
    <subfield code="a">- Las Malvinas, El Libano y nuestra conciencia cristiana. Ham, Adolfo - El Encuentro Nacional del Consejo Ecum&#xE9;nico de Cuba. De la Paz Cerezo, Juan Manuel - La iglesia en pie de lucha. Campbell, Gary - Jesucristo no est&#xE1; dado en exclusiva - Informe sobre la reuni&#xF3;n de la comisi&#xF3;n "Solidaridad, liberaci&#xF3;n y desarrollo" de la CCP Internacional - Una asamblea como para la historia - Mensaje a las iglesias cubanas, a todos sus j&#xF3;venes - Apuntes sobre Kampuchea. Rodr&#xED;guez Guti&#xE9;rrez, Emilio - Impresiones de la 5&#xAA; Asamblea General del Consejo Angolano de Iglesias Evang&#xE9;licas  - La bomba de neutrones y la Biblia</subfield>
  </datafield>
  <datafield tag="942" ind1=" " ind2=" ">
    <subfield code="c">BK</subfield>
  </datafield>
  <datafield tag="952" ind1=" " ind2=" ">
    <subfield code="0">0</subfield>
    <subfield code="1">0</subfield>
    <subfield code="4">0</subfield>
    <subfield code="7">0</subfield>
    <subfield code="8">AV</subfield>
    <subfield code="a">FUSBC</subfield>
    <subfield code="b">FUSBC</subfield>
    <subfield code="d">2006-10-25</subfield>
    <subfield code="l">0</subfield>
    <subfield code="o">AV 0208 </subfield>
    <subfield code="p">23305</subfield>
    <subfield code="r">2019-12-12 00:00:00</subfield>
    <subfield code="t">1</subfield>
    <subfield code="w">2016-01-26</subfield>
    <subfield code="y">AV</subfield>
    <subfield code="B">0</subfield>
    <subfield code="C">3</subfield>
  </datafield>
  <datafield tag="999" ind1=" " ind2=" ">
    <subfield code="c">42991</subfield>
    <subfield code="d">42991</subfield>
  </datafield>
</record>
